| 000 | 01047cam a22003137a 4500 | ||
|---|---|---|---|
| 005 | 20220817043108.0 | ||
| 008 | 971010s1985 r 00010 d | ||
| 010 | _a65521 | ||
| 011 | _a66493 | ||
| 035 | _a74707 | ||
| 082 |
_a631.586 _bF3y |
||
| 110 | _aFAO | ||
| 245 | 0 |
_aDirectivas _b: evaluación de tierras para la agricultura en secano |
|
| 260 |
_aRoma : _bFAO, _c1985 |
||
| 300 | _a228 p | ||
| 490 | 0 |
_aFAO. Boletín de suelos _v; 52 |
|
| 590 |
_aBATCH-UPD _b10 _c20130110 _lUCH01 _h0256 |
||
| 590 |
_aBATCH-UPD _b10 _c20130110 _lUCH01 _h1731 |
||
| 590 |
_aBATCH-UPD _b10 _c20130409 _lUCH01 _h2327 |
||
| 590 |
_aBATCH-UPD _b10 _c20130410 _lUCH01 _h1602 |
||
| 590 |
_aBATCH-UPD _b10 _c20130914 _lUCH01 _h1126 |
||
| 590 |
_aCONVERSION _b10 _c20130109 _lUCH01 _h1336 |
||
| 650 | 1 | 4 |
_aCultivos de secano. _930373 |
| 650 | 1 | 4 |
_aTierras _xEvaluación. _9113113 |
| 650 | 1 | 4 |
_aTierras _xUtilización. _9113219 |
| 830 | 0 |
_aFAO. Boletín de suelos _v; 52 _939455 |
|
| 901 | _aBK | ||
| 949 |
_a631.586 F3y _bS _cLIBRO _d-7600 _eLIBRO _gI.c/e _h3789 _i74707 _si _t58.50 |
||
| 999 |
_c65521 _d65521 |
||